Afroasiatic languages - Statistics

General Stats
  • This quiz has been taken 19 times
    8 since last reset
  • The average score is 28 of 33
Answer Stats
Answer % Correct
Iran
100%
Iraq
100%
Israel
100%
Turkey
100%
Algeria
86%
Bahrain
86%
Chad
86%
Djibouti
86%
Egypt
86%
Eritrea
86%
Ethiopia
86%
Jordan
86%
Kenya
86%
Kuwait
86%
Lebanon
86%
Mali
86%
Mauritania
86%
Morocco
86%
Oman
86%
Saudi Arabia
86%
Somalia
86%
Sudan
86%
Syria
86%
Tunisia
86%
United Arab Emirates
86%
Yemen
86%
Libya
71%
Malta
71%
Niger
71%
Qatar
71%
South Sudan
71%
Cameroon
57%
Nigeria
57%
No matching quizzes found
Score Distribution
Percent of People with Each Score
Percentile by Number Answered
Your Score History
You have not taken this quiz since the last reset